000 00509nam a2200193Ia 4500
003 OSt
005 20250307153136.0
008 210210b1970 xxu||||| |||| 00| 0 eng d
040 _cAL
041 _aKannada
082 _aK894.3 SARM
100 _aSAROJARAV (K).
_dಸರೋಜಾರಾವ್ (ಕೆ).
_9204927
245 _aMane sose.
_b ಮನೆ ಸೊಸೆ
260 _aBengaluru
_bPustaka Vahini
_c1970
300 _a160
690 _aKannada Fiction
_9204928
906 _a028808
942 _2ddc
_cBK
999 _c80044
_d80044